|
|
|
|
| LEADER |
00000nam a2200000Ia 4500 |
| 008 |
150821b1996 s ||||| |||| 00| | spa d |
| 020 |
|
|
|a 8474818370
|
| 090 |
|
|
|a 06.02.01
|b 142
|
| 100 |
1 |
|
|a García Carrasco, Joaquín
|9 808
|
| 245 |
1 |
0 |
|a Teoría de la educación /
|c Joaquín García Carrasco; Ángel García del Dujo
|
| 260 |
|
|
|a España :
|b Ediciones Universidad de Salamanca,
|c 1996
|
| 300 |
|
|
|a 283 páginas
|
| 490 |
|
|
|a Manuales universitarios, no.63
|
| 500 |
|
|
|a Contiene: V.I Educación y acción pedagógica
|
| 650 |
|
0 |
|a EDUCACIÓN
|9 1
|
| 650 |
|
0 |
|a FILOSOFÍA DE LA EDUCACIÓN
|9 21
|
| 700 |
1 |
|
|a García del Dujo, Ángel
|9 918
|
| 942 |
|
|
|i 00157
|h 06.02.01 142
|2 z
|c 01
|
| 999 |
|
|
|c 240
|d 240
|